000 00846nam a22002297a 4500
999 _c15068
_d15068
003 AR-CdUCM
008 190425b ||||| |||| 00| 0 spa d
020 _a978-607-618-100-3
040 _aMUNICIPALIDAD PROVINCIAL DEL CUSCO
_cBIBLIOTECA MUNICIPAL DEL CUSCO
082 _aPI / 376.1 /
_bIG35
110 _aIgloo Books
_933126
245 _aSonidos de vehículos :
_b¡y muchas maquinas mas ! :
260 _aMéxico :
_bAdvanced marketing,
_c2013.
300 _a6 paginas ;
_bIlustraciones,
_c32 cm.
_e60 emocionantes sonidos increibles
500 _aTitulo original : Noisy vehicles. 60 amazing sounds
650 _aSonidos espectaculares
_934080
650 _aVehículos motorizados
_934081
650 _aJuego de niños (as)
_934082
700 _aAlba, Arlette de (Traducción)
_934062
942 _2ddc
_cLIBROS
945 _awnts
_d2019-04-25